[Event "9th EUROPEAN  INDIVIDUAL  WOME"]
[Site "Plovdiv, Bulgaria"]
[Date "2008.04.22"]
[Round "2"]
[Board "1"]
[White "Bensdorp, Marlies"]
[Black "Bayrak, Asli"]
[Result "1-0"]
[WhiteElo "2268"]
[BlackElo "2031"]
[PlyCount "93"]
[EventDate "2008.04.21"]
[EventRounds "11"]
[EventCountry "BUL"]

1.d4 d5 2.c4 dxc4 3.Nf3 Nf6 4.e3 e6 5.Bxc4 a6 6.O-O c5 7.Bb3 Nc6 8.Qe2 Qc7 9.Nc3
Be7 10.Rd1 O-O 11.h3 Bd7 12.dxc5 Bxc5 13.e4 Bc8 14.e5 Nd7 15.Bf4 Be7 16.Rac1 Nc5
17.Bc2 Bd7 18.a3 a5 19.Nb5 Qb8 20.Bb1 Rd8 21.Nd6 b6 22.Ng5 Bxd6 23.Rxd6 h6
24.Ne4 Ne7 25.Nxc5 bxc5 26.Qd3 Ng6 27.Bg3 c4 28.Qd4 Bb5 29.Be4 Rxd6 30.exd6 Qa7
31.Qd1 Rd8 32.a4 Ba6 33.Qh5 e5 34.Bxg6 fxg6 35.Qxg6 Qf7 36.Qxf7+ Kxf7 37.Bxe5 g6
38.Re1 Bc8 39.Re4 Be6 40.Rf4+ Ke8 41.Rf6 Bf5 42.g4 Bc2 43.Bc3 Rb8 44.h4 Kd7
45.Kg2 Rb6 46.Be5 h5 47.Rf7+

[Event "9th EUROPEAN  INDIVIDUAL  WOME"]
[Site "Plovdiv, Bulgaria"]
[Date "2008.04.22"]
[Round "2"]
[Board "1"]
[White "Maksimovic, Suzana"]
[Black "Bakalarz, Grazyna"]
[Result "1-0"]
[WhiteElo "2264"]
[BlackElo "2006"]
[PlyCount "53"]
[EventDate "2008.04.21"]
[EventRounds "11"]
[EventCountry "BUL"]

1.c4 Nf6 2.Nc3 d5 3.cxd5 Nxd5 4.Nf3 Nb6 5.d4 g6 6.h4 Bg7 7.h5 c5 8.dxc5 Bxc3+
9.bxc3 Qxd1+ 10.Kxd1 Na4 11.hxg6 fxg6 12.Bh6 Nxc3+ 13.Ke1 Rg8 14.Bd2 Ne4 15.Rxh7
Nc6 16.e3 Nxc5 17.Rc1 Ne4 18.Bc4 Rf8 19.Bd5 Nxd2 20.Bxc6+ bxc6 21.Nxd2 Be6
22.Rxc6 Kd7 23.Ra6 Rfc8 24.Rh4 Rc1+ 25.Ke2 Rc2 26.Rd4+ Ke8 27.Rxe6

[Event "9th EUROPEAN  INDIVIDUAL  WOME"]
[Site "Plovdiv, Bulgaria"]
[Date "2008.04.22"]
[Round "2"]
[Board "1"]
[White "Bensdorp, Laura"]
[Black "Velcheva, Maria"]
[Result "1-0"]
[WhiteElo "2085"]
[BlackElo "2262"]
[PlyCount "89"]
[EventDate "2008.04.21"]
[EventRounds "11"]
[EventCountry "BUL"]

1.e4 c5 2.Nf3 e6 3.d4 cxd4 4.Nxd4 Nf6 5.Nc3 Nc6 6.Bg5 Be7 7.Qd2 O-O 8.f4 d5 9.e5
Nd7 10.Bxe7 Qxe7 11.O-O-O f6 12.exf6 Qxf6 13.g3 Nb6 14.Nf3 Bd7 15.Be2 Rac8
16.Kb1 Be8 17.a3 Bg6 18.Nh4 d4 19.Na2 Be4 20.Rhe1 Rfd8 21.Bd3 Bd5 22.Qe2 Re8
23.Nf3 Bxf3 24.Qxf3 Nd5 25.Qe4 g6 26.Rd2 Ne3 27.Nb4 Nxb4 28.axb4 Nd5 29.Bb5 Re7
30.Rxd4 Rcc7 31.Ba4 Kg7 32.Bb3 Rcd7 33.Red1 b5 34.Qe2 a6 35.Qf3 Nb6 36.Rxd7 Nxd7
37.Qc6 e5 38.Rd6 Qf5 39.Be6 Nb8 40.Qd5 Qf6 41.fxe5 Qf1+ 42.Ka2 Qe2 43.Qc5 Re8
44.Rb6 Kh6 45.Qd4

[Event "9th EUROPEAN  INDIVIDUAL  WOME"]
[Site "Plovdiv, Bulgaria"]
[Date "2008.04.22"]
[Round "2"]
[Board "1"]
[White "Ikonomopoulou, Maria"]
[Black "Raeva, Elitsa"]
[Result "0-1"]
[WhiteElo "2050"]
[BlackElo "2258"]
[PlyCount "128"]
[EventDate "2008.04.21"]
[EventRounds "11"]
[EventCountry "BUL"]

1.e4 c5 2.Nf3 Nc6 3.d4 cxd4 4.Nxd4 g6 5.c4 Bg7 6.Be3 Nf6 7.Nc3 Ng4 8.Qxg4 Nxd4
9.O-O-O Nc6 10.Qg5 h6 11.Qb5 d6 12.c5 Bd7 13.cxd6 exd6 14.Rxd6 Qc7 15.Bf4 Nd4
16.Qc4 Qxc4 17.Bxc4 Rc8 18.Bxf7+ Ke7 19.Kb1 {Diagram #} Rxc3 20.Rxd4 Rc6 21.Rd2
Rf8 22.Rhd1 Bg4 23.f3 Rxf7 24.Bd6+ Rxd6 25.Rxd6 Be6 26.Rd8 Be5 27.h3 Kf6 28.Rf1
Bc7 29.Rd2 Kg5 30.Rc2 Kh4 31.Rc5 Kg3 32.Rfc1 Bf4 33.R1c2 Rd7 34.b3 Rd1+ 35.Kb2
Rg1 36.Rb5 b6 37.Rc6 Rxg2+ 38.Ka3 Bxh3 39.Rxg6+ Kxf3 40.Rf6 Kg4 41.Rg6+ Bg5
42.Rg7 Re2 43.e5 Bf1 44.Rd5 Bg2 45.Rd6 Kh5 46.e6 Re4 47.b4 a5 48.Rxb6 axb4+
49.Kb3 Bh3 50.Rxb4 Bxe6+ 51.Ka4 Rxb4+ 52.Kxb4 Bxa2 53.Ra7 Bd5 54.Kc3 Kg4 55.Kd3
Bf3 56.Ra1 h5 57.Rg1+ Kf4 58.Kd2 h4 59.Ke1 h3 60.Kf2 Bh4+ 61.Kf1 Bg3 62.Rh1 Bxh1
63.Kg1 Bf3 64.Kf1 Ke3

[Event "9th EUROPEAN  INDIVIDUAL  WOME"]
[Site "Plovdiv, Bulgaria"]
[Date "2008.04.22"]
[Round "2"]
[Board "1"]
[White "Stefanova, Milena"]
[Black "Makropoulou, Marina"]
[Result "1-0"]
[WhiteElo "2029"]
[BlackElo "2254"]
[PlyCount "155"]
[EventDate "2008.04.21"]
[EventRounds "11"]
[EventCountry "BUL"]

1.e4 e5 2.Nf3 Nc6 3.Bc4 Bc5 4.b4 Bxb4 5.c3 Be7 6.d4 Na5 7.Nxe5 Nxc4 8.Nxc4 d5
9.Ne5 Nf6 10.exd5 Qxd5 11.O-O O-O 12.c4 Qd8 13.d5 c6 14.dxc6 Qc7 15.Bf4 Bd6
16.Qd4 Nh5 17.Rd1 Nxf4 18.Qxd6 Qxd6 19.Rxd6 f6 20.Nd7 Re8 21.Nc3 bxc6 22.Nc5 Bf5
23.f3 Re3 24.N5e4 Bxe4 25.Nxe4 Re2 26.Rxc6 Rxg2+ 27.Kh1 Rb8 28.Rg1 Rxg1+ 29.Kxg1
Nd3 30.Ra6 Rb7 31.Rd6 Rb1+ 32.Kg2 Ne5 33.c5 Rc1 34.f4 Ng6 35.Kg3 Kf8 36.Rd8+ Ke7
37.Ra8 Ke6 38.Rxa7 Kd5 39.Ra4 f5 40.Nd6 Rc3+ 41.Kf2 Nh4 42.Nb7 Nf3 43.h3 Nd2
44.Ra8 Ne4+ 45.Ke2 Rxh3 46.Re8 Rh2+ 47.Ke3 Rh3+ 48.Ke2 Ra3 49.Re5+ Kd4 50.Nd6
Rxa2+ 51.Ke1 Ke3 52.Kd1 Kd3 53.Rd5+ Kc3 54.Nxe4+ fxe4 55.c6 Ra8 56.c7 Rc8 57.Rd7
g6 58.Ke2 h5 59.Ke3 Kc4 60.Kxe4 Kc5 61.Rg7 Re8+ 62.Kf3 Kd6 63.Kg3 Rc8 64.Kh4
Rxc7 65.Rxg6+ Kd5 66.Kxh5 Ke4 67.Kg4 Rc1 68.Re6+ Kd5 69.Kf5 Rf1 70.Re5+ Kd6
71.Re4 Kd7 72.Kf6 Kd8 73.f5 Ra1 74.Kf7 Ra7+ 75.Kf8 Ra5 76.f6 Kd7 77.f7 Ra1
78.Rg4

[Event "9th EUROPEAN  INDIVIDUAL  WOME"]
[Site "Plovdiv, Bulgaria"]
[Date "2008.04.22"]
[Round "2"]
[Board "1"]
[White "Pavlidou, Ekaterini"]
[Black "Nikoladze, Sopio"]
[Result "1-0"]
[WhiteElo "1978"]
[BlackElo "2249"]
[PlyCount "96"]
[EventDate "2008.04.21"]
[EventRounds "11"]
[EventCountry "BUL"]

1.d4 Nf6 2.c4 e6 3.Nc3 Bb4 4.Qc2 O-O 5.a3 Bxc3+ 6.Qxc3 d6 7.Bg5 Nbd7 8.e3 b6
9.Bd3 Bb7 10.f3 c5 11.Ne2 Rc8 12.O-O h6 13.Bh4 Re8 14.Rfd1 Qc7 15.Rac1 cxd4
16.Nxd4 d5 17.Qe1 Qb8 18.Bg3 e5 19.cxd5 Bxd5 20.Nf5 Nc5 21.Bb5 Re6 22.Bh4 Bb3
23.Bxf6 Rxf6 24.Ne7+ Kh7 25.Nxc8 Qxc8 26.Rd2 Qe6 27.Bd3+ g6 28.e4 Qe8 29.Bc4
Bxc4 30.Rxc4 Nb3 31.Rd5 Nd4 32.Kf2 Qe7 33.Qe3 Re6 34.Rc8 Rd6 35.Rxd6 Qxd6 36.Qc1
Ne6 37.Qc3 Nc5 38.b4 Nd3+ 39.Kf1 Nf4 40.Qb3 Kg7 41.Qc2 Ne6 42.Ra8 Qd7 43.g3 Kf6
44.h4 h5 45.Kg2 g5 46.Rh8 gxh4 47.Rxh5 hxg3 48.Kxg3 Qd4 {....}

[Event "9th EUROPEAN  INDIVIDUAL  WOME"]
[Site "Plovdiv, Bulgaria"]
[Date "2008.04.22"]
[Round "2"]
[Board "1"]
[White "Ohme, Melanie"]
[Black "Tsarouha, Marianthi"]
[Result "1-0"]
[WhiteElo "2248"]
[BlackElo "1747"]
[PlyCount "95"]
[EventDate "2008.04.21"]
[EventRounds "11"]
[EventCountry "BUL"]

1.e4 c5 2.Nf3 e6 3.d4 cxd4 4.Nxd4 Nf6 5.Nc3 d6 6.Be3 a6 7.Be2 Qc7 8.O-O b5 9.f3
Bb7 10.Qd2 Nbd7 11.a4 b4 12.Na2 d5 13.Nxb4 dxe4 14.c3 Bd6 15.f4 h5 16.Rad1 Bc5
17.Nbc2 Nd5 18.b4 Bd6 19.c4 Nxe3 20.Qxe3 Nf6 21.Qg3 Kf8 22.c5 Be7 23.Ne3 h4
24.Qf2 Nd5 25.Nxd5 Bxd5 26.f5 Rh6 27.fxe6 Rf6 28.Qe3 fxe6 29.Bg4 Qe5 30.Nf3 Qb2
31.Rb1 Qa2 32.Ng5 Kg8 33.Nxe4 Rxf1+ 34.Rxf1 Rb8 35.Qd4 Qc4 36.Qxc4 Bxc4 37.Rc1
Bd5 38.c6 Bxb4 39.c7 Rc8 40.Ng5 Bd2 41.Rb1 Bf4 42.Nxe6 Bxc7 43.Nf4 Ba2 44.Rb7
Rf8 45.Ne6 Bxh2+ 46.Kxh2 Bxe6 47.Bxe6+ Kh8 48.Ra7

[Event "9th EUROPEAN  INDIVIDUAL  WOME"]
[Site "Plovdiv, Bulgaria"]
[Date "2008.04.23"]
[Round "3"]
[Board "1"]
[White "Mkrtchian, Lilit"]
[Black "Lahno, Kateryna"]
[Result "1/2-1/2"]
[WhiteElo "2413"]
[BlackElo "2479"]
[PlyCount "31"]
[EventDate "2008.04.21"]
[EventRounds "11"]
[EventCountry "BUL"]

1.e4 e5 2.Nf3 Nf6 3.Nxe5 d6 4.Nf3 Nxe4 5.Qe2 Qe7 6.d3 Nf6 7.Bg5 Qxe2+ 8.Bxe2 Be7
9.Nc3 Nc6 10.O-O-O h6 11.Bh4 Be6 12.h3 O-O-O 13.d4 Nd5 14.Nxd5 Bxd5 15.Bxe7 Nxe7
16.Rhe1

[Event "9th EUROPEAN  INDIVIDUAL  WOME"]
[Site "Plovdiv, Bulgaria"]
[Date "2008.04.23"]
[Round "3"]
[Board "1"]
[White "Melia, Salome"]
[Black "Ushenina, Anna"]
[Result "1/2-1/2"]
[WhiteElo "2413"]
[BlackElo "2474"]
[PlyCount "32"]
[EventDate "2008.04.21"]
[EventRounds "11"]
[EventCountry "BUL"]

1.e4 c5 2.Nf3 a6 3.c3 e6 4.d4 d5 5.exd5 exd5 6.Bd3 c4 7.Bc2 Bd6 8.O-O Nc6 9.Ne5
Qf6 10.Re1 Nge7 11.Qh5 h6 12.Ng4 Bxg4 13.Qxg4 h5 14.Qf5 Qxf5 15.Bxf5 O-O 16.Bh3
b5

[Event "9th EUROPEAN  INDIVIDUAL  WOME"]
[Site "Plovdiv, Bulgaria"]
[Date "2008.04.23"]
[Round "3"]
[Board "1"]
[White "Cmilyte, Viktorija"]
[Black "Houska, Jovanka"]
[Result "1-0"]
[WhiteElo "2466"]
[BlackElo "2390"]
[PlyCount "73"]
[EventDate "2008.04.21"]
[EventRounds "11"]
[EventCountry "BUL"]

1.d4 Nf6 2.c4 c5 3.d5 b5 4.cxb5 a6 5.bxa6 g6 6.Nc3 Bxa6 7.g3 d6 8.Bg2 Bg7 9.Nf3
Nbd7 10.Rb1 O-O 11.O-O Qa5 12.Bd2 Rfb8 13.Qc2 Qc7 14.b3 Nb6 15.Nh4 Bb7 16.e4 Ba6
17.Rfe1 Ng4 18.h3 Ne5 19.Re3 Qa7 20.a4 Nbd7 21.Nd1 Rb7 22.Bc3 Rab8 23.Rb2 h5
24.Kh2 Kh7 25.f4 Nd3 26.Bxg7 c4 27.Bc3 cxb3 28.Qd2 Nxb2 29.Nxb2 Rc7 30.e5 Rbc8
31.e6 fxe6 32.f5 e5 33.fxg6+ Kg8 34.Rf3 Nf6 35.Nf5 Kf8 36.Qh6+ Ke8 37.Nxd6+

[Event "9th EUROPEAN  INDIVIDUAL  WOME"]
[Site "Plovdiv, Bulgaria"]
[Date "2008.04.23"]
[Round "3"]
[Board "1"]
[White "Zhukova, Natalia"]
[Black "Ciuksyte, Dagne"]
[Result "1/2-1/2"]
[WhiteElo "2450"]
[BlackElo "2380"]
[PlyCount "73"]
[EventDate "2008.04.21"]
[EventRounds "11"]
[EventCountry "BUL"]

1.d4 Nf6 2.c4 e6 3.Nc3 Bb4 4.Qc2 O-O 5.a3 Bxc3+ 6.Qxc3 b6 7.Bg5 Bb7 8.e3 d6
9.Ne2 Nbd7 10.Qd3 h6 11.Bh4 Ba6 12.Nc3 d5 13.Qc2 Qc8 14.Qa4 Bxc4 15.Bxc4 dxc4
16.O-O c5 17.Rad1 cxd4 18.Rxd4 e5 19.Rxc4 Nc5 20.Qc2 Qe6 21.Nb5 Nd5 22.b4 a6
23.Nd6 Qxd6 24.bxc5 bxc5 25.Rxc5 Ne7 26.Rd1 Qe6 27.Bxe7 Qxe7 28.Rdd5 Rfe8 29.h3
Rad8 30.Qa4 Rxd5 31.Rxd5 Qe6 32.Ra5 Rc8 33.Rxa6 Rc1+ 34.Kh2 Qf5 35.Rc6 Ra1
36.Rc2 Rxa3 37.Qxa3

[Event "9th EUROPEAN  INDIVIDUAL  WOME"]
[Site "Plovdiv, Bulgaria"]
[Date "2008.04.23"]
[Round "3"]
[Board "1"]
[White "Ovod, Evgenija"]
[Black "Nemcova, Katerina"]
[Result "0-1"]
[WhiteElo "2437"]
[BlackElo "2344"]
[PlyCount "92"]
[EventDate "2008.04.21"]
[EventRounds "11"]
[EventCountry "BUL"]

1.d4 d5 2.c4 c6 3.Nf3 Nf6 4.Nc3 e6 5.Bg5 h6 6.Bh4 dxc4 7.e4 g5 8.Bg3 b5 9.e5 Nd5
10.Nd2 Ne7 11.Nde4 Nf5 12.Nf6+ Ke7 13.Qf3 Qxd4 14.Rd1 Qc5 15.Nfe4 Qb6 16.Nd6 Bg7
17.Ncxb5 cxb5 18.Qxa8 Nxg3 19.Qf3 Nf5 20.Bxc4 Bxe5 21.Nxf7 Qa5+ 22.Kf1 bxc4
23.Nxh8 Bxh8 24.g4 Nd4 25.Qe4 Qe5 26.Qh7+ Bg7 27.Re1 Qf6 28.h4 Ba6 29.Rh3 Nbc6
30.Kg2 Bb7 31.hxg5 hxg5 32.Kf1 Ne5 33.Rg3 Nd3 34.Rxd3 cxd3 35.Qxd3 Qf3 36.Qxf3
Bxf3 37.Rc1 Be5 38.b4 Bxg4 39.Rc5 Be2+ 40.Kg2 Kf6 41.a3 Bd6 42.Rc8 g4 43.Rd8 Ke5
44.Rd7 a6 45.Kg3 Kd5+ 46.Kh4 Nc2

[Event "9th EUROPEAN  INDIVIDUAL  WOME"]
[Site "Plovdiv, Bulgaria"]
[Date "2008.04.23"]
[Round "3"]
[Board "1"]
[White "Vasilevich, Tatjana"]
[Black "Bojkovic, Natasa"]
[Result "1-0"]
[WhiteElo "2360"]
[BlackElo "2434"]
[PlyCount "73"]
[EventDate "2008.04.21"]
[EventRounds "11"]
[EventCountry "BUL"]

1.d4 Nf6 2.c4 e6 3.g3 Bb4+ 4.Bd2 Be7 5.Bg2 d5 6.Nf3 c6 7.O-O O-O 8.Qc2 b6 9.Rd1
Bb7 10.b3 Na6 11.Nc3 c5 12.dxc5 bxc5 13.cxd5 exd5 14.Rac1 Qc8 15.Bg5 Qe6 16.Nh4
Nb4 17.Qb1 h6 18.Bxf6 Bxf6 19.a3 Bxc3 20.Rxc3 Na6 21.Re3 Qd7 22.Qf5 Rad8 23.Red3
d4 24.e3 Bxg2 25.Kxg2 Qc6+ 26.Qf3 Qb6 27.Nf5 dxe3 28.Rd6 Rxd6 29.Rxd6 e2 30.Qxe2
Qb7+ 31.Kh3 Nb8 32.Qe5 f6 33.Ne7+ Kh8 34.Ng6+ Kg8 35.Qe6+ Rf7 36.Rd8+ Kh7
37.Rh8+

[Event "9th EUROPEAN  INDIVIDUAL  WOME"]
[Site "Plovdiv, Bulgaria"]
[Date "2008.04.23"]
[Round "3"]
[Board "1"]
[White "Vojinovic, Jovana"]
[Black "Kovalevskaya, Ekaterina"]
[Result "0-1"]
[WhiteElo "2217"]
[BlackElo "2421"]
[PlyCount "114"]
[EventDate "2008.04.21"]
[EventRounds "11"]
[EventCountry "BUL"]

1.d4 Nf6 2.Nf3 d5 3.c4 e6 4.g3 Bb4+ 5.Bd2 Be7 6.Bg2 O-O 7.O-O c6 8.Qc2 b6 9.Rd1
Bb7 10.b3 Nbd7 11.Nc3 Rc8 12.e4 dxe4 13.Nxe4 c5 14.Nxf6+ Nxf6 15.Bc3 Be4 16.Qe2
Qc7 17.Ne1 Bxg2 18.Nxg2 Rfd8 19.Rd3 cxd4 20.Bxd4 Rd7 21.Rad1 Rcd8 22.Bxf6 Bxf6
23.Rxd7 Rxd7 24.Rxd7 Qxd7 25.Qf3 h6 26.Nf4 Be7 27.Qa8+ Kh7 28.Qe4+ g6 29.Nd3 Kg7
30.Kg2 Bf6 31.Qf3 Qd4 32.Qe2 a5 33.Nf4 Be5 34.Nd3 Bd6 35.Ne1 Bc5 36.Nf3 Qd6
37.Qb2+ f6 38.Qe2 Qc6 39.Kg1 e5 40.Nh4 Qe6 41.Ng2 Qf5 42.Ne3 Qb1+ 43.Kg2 Qe4+
44.Kg1 f5 45.Qd2 Qd4 46.Qe2 e4 47.Kf1 Kf6 48.Nd5+ Ke5 49.Nc7 g5 50.Kg2 g4 51.Nb5
Qd3 52.Kf1 f4 53.gxf4+ Kxf4 54.Ke1 Qb1+ 55.Qd1 Bxf2+ 56.Ke2 Qxd1+ 57.Kxd1 Bg1

[Event "9th EUROPEAN  INDIVIDUAL  WOME"]
[Site "Plovdiv, Bulgaria"]
[Date "2008.04.23"]
[Round "3"]
[Board "1"]
[White "Isgandarova, Khayala"]
[Black "Peptan, Corina Isabela"]
[Result "0-1"]
[WhiteElo "2193"]
[BlackElo "2415"]
[PlyCount "62"]
[EventDate "2008.04.21"]
[EventRounds "11"]
[EventCountry "BUL"]

1.e4 c5 2.Nf3 d6 3.d4 cxd4 4.Nxd4 Nf6 5.Nc3 Nc6 6.Bc4 e6 7.Be3 a6 8.a4 Qc7 9.Ba2
Rb8 10.O-O Nxd4 11.Qxd4 b5 12.axb5 axb5 13.Bb3 Bd7 14.Ra7 Qc6 15.Nd5 exd5
16.exd5 Qc8 17.Re1 Be7 18.Bh6 O-O 19.Rxe7 Re8 20.Rxe8+ Qxe8 21.Be3 Bf5 22.f3 Rc8
23.c3 Nd7 24.Bd1 Nc5 25.Be2 Na4 26.Rb7 Bd7 27.Qd2 Nc5 28.Rb6 Nb3 29.Qd3 Bf5
30.Qxb5 Qxe3+ 31.Kf1 Nd4

[Event "9th EUROPEAN  INDIVIDUAL  WOME"]
[Site "Plovdiv, Bulgaria"]
[Date "2008.04.23"]
[Round "3"]
[Board "1"]
[White "Cramling, Pia"]
[Black "Kazimova, Narmin"]
[Result "1/2-1/2"]
[WhiteElo "2539"]
[BlackElo "2071"]
[PlyCount "114"]
[EventDate "2008.04.21"]
[EventRounds "11"]
[EventCountry "BUL"]

1.d4 Nf6 2.Nf3 e6 3.c4 b6 4.Nc3 Bb7 5.a3 d5 6.Qa4+ Bc6 7.Qb3 Be7 8.Bg5 O-O 9.e3
Bb7 10.Be2 Nc6 11.Qc2 Ne4 12.Bxe7 Nxe7 13.Nxe4 dxe4 14.Ng5 Nf5 15.Nxe4 Qh4
16.Ng3 Bxg2 17.Rg1 Qxh2 18.O-O-O Nxg3 19.fxg3 Be4 20.Qd2 Rad8 21.Qe1 c5 22.Rd2
Qh6 23.Qf2 cxd4 24.exd4 Rd7 25.Qf4 Qxf4 26.gxf4 Rfd8 27.Rgd1 b5 28.c5 Rb8 29.b4
a5 30.a4 Bc6 31.Rb2 axb4 32.Rxb4 Rdb7 33.axb5 Bxb5 34.Bxb5 Rxb5 35.Rxb5 Rxb5
36.Kc2 Kf8 37.Kc3 Ke7 38.Ra1 Rb7 39.Kc4 Kd7 40.d5 exd5+ 41.Kxd5 Rc7 42.Ra6 h5
43.c6+ Ke7 44.Rb6 Kf6 45.Kd6 Rc8 46.Kd7 Ra8 47.Rb5 g6 48.c7 h4 49.c8=Q Rxc8
50.Kxc8 h3 51.Kd7 h2 52.Rb1 Kf5 53.Ke7 Kxf4 54.Kxf7 Kg3 55.Kxg6 Kg2 56.Kg5 h1=Q
57.Rxh1 Kxh1

[Event "9th EUROPEAN  INDIVIDUAL  WOME"]
[Site "Plovdiv, Bulgaria"]
[Date "2008.04.23"]
[Round "3"]
[Board "1"]
[White "Muzychuk, Anna"]
[Black "Milliet, Sophie"]
[Result "1-0"]
[WhiteElo "2486"]
[BlackElo "2354"]
[PlyCount "113"]
[EventDate "2008.04.21"]
[EventRounds "11"]
[EventCountry "BUL"]

1.e4 e5 2.d4 exd4 3.Nf3 Nf6 4.e5 Ne4 5.Qxd4 d5 6.exd6 Nxd6 7.Bg5 Nc6 8.Qe3+ Be7
9.Nc3 Nf5 10.Qe4 O-O 11.Bxe7 Ncxe7 12.Bd3 Ng6 13.O-O-O Qe7 14.h4 Qxe4 15.Nxe4
Nf4 16.Bc4 Be6 17.Bxe6 Nxe6 18.Rd7 Rad8 19.Rhd1 Rxd7 20.Rxd7 Rd8 21.Rxd8+ Nxd8
22.Kd2 f6 23.g4 Nh6 24.Nh2 Ne6 25.f3 f5 26.Ng3 fxg4 27.fxg4 Nf7 28.Nf3 Nd6 29.b3
Kf7 30.Ke3 Kf6 31.c4 a5 32.Nh5+ Kf7 33.Nf4 h6 34.Nd5 b6 35.Nd4 Ne8 36.Nc6 g6
37.Ne5+ Kg7 38.Nd7 Nd6 39.Nf4 Nxf4 40.Kxf4 a4 41.Ke5 axb3 42.axb3 h5 43.gxh5
gxh5 44.Nf6 Kg6 45.Nd5 b5 46.c5 Nb7 47.Nf4+ Kf7 48.Kd5 Ke7 49.b4 Nd8 50.c6 Kf6
51.Nxh5+ Kg6 52.Nf4+ Kf5 53.Ne2 Kg4 54.Nd4 Kxh4 55.Nxb5 Kg5 56.Nxc7 Kf6 57.b5

[Event "9th EUROPEAN  INDIVIDUAL  WOME"]
[Site "Plovdiv, Bulgaria"]
[Date "2008.04.23"]
[Round "3"]
[Board "1"]
[White "Sedina, Elena"]
[Black "Pogonina, Natalija"]
[Result "1/2-1/2"]
[WhiteElo "2356"]
[BlackElo "2470"]
[PlyCount "69"]
[EventDate "2008.04.21"]
[EventRounds "11"]
[EventCountry "BUL"]

1.e4 c5 2.c3 Nf6 3.e5 Nd5 4.d4 cxd4 5.Nf3 e6 6.cxd4 d6 7.Bc4 Nc6 8.O-O Be7
9.exd6 Qxd6 10.Nc3 Nxc3 11.bxc3 O-O 12.Re1 Qc7 13.Bd3 Qa5 14.Qc2 g6 15.Rb1 a6
16.Be4 Bf6 17.Bf4 Bg7 18.h3 Re8 19.Nd2 e5 20.Nc4 Qd8 21.dxe5 Nxe5 22.Nb6 Rb8
23.Nxc8 Qxc8 24.c4 b6 25.Rbd1 Qc7 26.Qd2 Qxc4 27.Bd5 Qb5 28.Bb3 Rbc8 29.Rb1 Qd3
30.Qxd3 Nxd3 31.Rxe8+ Rxe8 32.Be3 b5 33.Rd1 Ne5 34.Bf4 Nc4 35.Rd7 {....}

[Event "9th EUROPEAN  INDIVIDUAL  WOME"]
[Site "Plovdiv, Bulgaria"]
[Date "2008.04.23"]
[Round "3"]
[Board "1"]
[White "Peng, Zhaoqin"]
[Black "Gvetadze, Sopio"]
[Result "0-1"]
[WhiteElo "2455"]
[BlackElo "2350"]
[PlyCount "130"]
[EventDate "2008.04.21"]
[EventRounds "11"]
[EventCountry "BUL"]

1.d4 Nf6 2.c4 e6 3.Nf3 a6 4.g3 b5 5.b3 Bb7 6.Bg2 Be7 7.O-O O-O 8.Nc3 b4 9.Na4 d6
10.Bb2 Nbd7 11.Qc2 Be4 12.Qd2 Qb8 13.Rac1 Rd8 14.Rfd1 Bc6 15.Ne1 Bxg2 16.Kxg2
Qb7+ 17.f3 c6 18.Nd3 a5 19.e4 c5 20.dxc5 dxc5 21.Qe3 Qc7 22.Rc2 Nb6 23.Be5 Qc6
24.Bxf6 gxf6 25.Nxb6 Qxb6 26.Rcd2 Bf8 27.Nb2 Qc7 28.Na4 Be7 29.Qf4 Rxd2+ 30.Rxd2
Qxf4 31.gxf4 Ra7 32.f5 Kf8 33.Kf1 Ke8 34.Rg2 Kf8 35.Rg4 Rc7 36.Rh4 Kg7 37.Rg4+
Kf8 38.Rh4 Kg7 39.Ke2 Bd6 40.fxe6 fxe6 41.f4 Bf8 42.Rh3 Bd6 43.Ke3 Bf8 44.Rf3
Kf7 45.f5 exf5 46.Rxf5 Bd6 47.h3 Be5 48.Rf1 Bd4+ 49.Kd3 Ke6 50.Rf5 Be5 51.Rh5
Kd6 52.Rh4 Rg7 53.Rg4 Rg5 54.Nb6 h5 55.Rxg5 fxg5 56.Nd5 Bd4 57.Ke2 g4 58.hxg4
hxg4 59.Nf4 Ke5 60.Nh5 Kxe4 61.Ng3+ Kf4 62.Nh5+ Kf5 63.Ng3+ Kg5 64.Kd3 Kf4
65.Ne2+ Kf3

[Event "9th EUROPEAN  INDIVIDUAL  WOME"]
[Site "Plovdiv, Bulgaria"]
[Date "2008.04.23"]
[Round "3"]
[Board "1"]
[White "Dworakowska, Joanna"]
[Black "Paehtz, Elisabeth"]
[Result "0-1"]
[WhiteElo "2335"]
[BlackElo "2449"]
[PlyCount "40"]
[EventDate "2008.04.21"]
[EventRounds "11"]
[EventCountry "BUL"]

1.d4 e6 2.c4 Bb4+ 3.Nd2 b6 4.e4 Bb7 5.Qc2 Nf6 6.Bd3 e5 7.d5 a5 8.Ne2 Na6 9.O-O
O-O 10.Nc3 Re8 11.a3 Bf8 12.b3 c6 13.Bb2 Rc8 14.Qd1 b5 15.f4 bxc4 16.fxe5
{Diagram #} cxd3 17.exf6 g6 18.dxc6 Qb6+ 19.Kh1 Rxc6 20.Qg4 Rcc8 {.......}

[Event "9th EUROPEAN  INDIVIDUAL  WOME"]
[Site "Plovdiv, Bulgaria"]
[Date "2008.04.23"]
[Round "3"]
[Board "1"]
[White "Gara, Anita"]
[Black "Skripchenko, Almira"]
[Result "1/2-1/2"]
[WhiteElo "2331"]
[BlackElo "2443"]
[PlyCount "31"]
[EventDate "2008.04.21"]
[EventRounds "11"]
[EventCountry "BUL"]

1.e4 e5 2.Nf3 Nc6 3.Bb5 a6 4.Ba4 Nf6 5.Bxc6 dxc6 6.d3 Nd7 7.Nbd2 Bd6 8.Nc4 O-O
9.O-O Re8 10.Bd2 Nf8 11.Bc3 Ng6 12.d4 exd4 13.Qxd4 f6 14.Rfd1 Bg4 15.Nxd6 Qxd6
16.Qxd6

[Event "9th EUROPEAN  INDIVIDUAL  WOME"]
[Site "Plovdiv, Bulgaria"]
[Date "2008.04.23"]
[Round "3"]
[Board "1"]
[White "Dembo, Yelena"]
[Black "Voiska, Margarita"]
[Result "1/2-1/2"]
[WhiteElo "2429"]
[BlackElo "2339"]
[PlyCount "53"]
[EventDate "2008.04.21"]
[EventRounds "11"]
[EventCountry "BUL"]

1.e4 e5 2.Nf3 d6 3.d4 exd4 4.Qxd4 a6 5.Bg5 Nc6 6.Qd2 Nf6 7.Nc3 Be7 8.O-O-O Be6
9.Qe1 Nd7 10.h4 h6 11.Bxe7 Qxe7 12.Nd5 Qd8 13.Qc3 O-O 14.Nd4 Nxd4 15.Qxd4 Re8
16.f3 Bxd5 17.Qxd5 Qf6 18.Qd2 b5 19.Be2 Ne5 20.Rdf1 Rad8 21.f4 Nc4 22.Bxc4 bxc4
23.Re1 c6 24.c3 d5 25.e5 Qf5 26.Rhf1 c5 27.Qc2

[Event "9th EUROPEAN  INDIVIDUAL  WOME"]
[Site "Plovdiv, Bulgaria"]
[Date "2008.04.23"]
[Round "3"]
[Board "1"]
[White "Sandu, Mihaela"]
[Black "Vajda, Szidonia"]
[Result "0-1"]
[WhiteElo "2325"]
[BlackElo "2413"]
[PlyCount "122"]
[EventDate "2008.04.21"]
[EventRounds "11"]
[EventCountry "BUL"]

1.e4 c5 2.Nf3 d6 3.d4 cxd4 4.Nxd4 Nf6 5.Nc3 a6 6.g3 g6 7.Bg2 Bg7 8.O-O O-O 9.a4
Bd7 10.a5 Nc6 11.Nxc6 Bxc6 12.Nd5 Bxd5 13.exd5 Rc8 14.Be3 Nd7 15.c3 Ne5 16.Bh3
f5 17.Bd4 Rf7 18.f4 Nd7 19.g4 Nf8 20.Bxg7 Kxg7 21.Kh1 fxg4 22.Bxg4 Rc4 23.f5 Rf6
24.Qe2 Rc5 25.Rae1 Rxd5 26.Qxe7+ Qxe7 27.Rxe7+ Kh6 28.b4 Rd3 29.Rf3 Rd1+ 30.Kg2
Rd2+ 31.Rf2 Rd3 32.Rxb7 Rxc3 33.Be2 gxf5 34.Bxa6 Ng6 35.Bf1 Ne5 36.a6 Rg6+
37.Kh1 Ng4 38.Rxf5 Rc2 39.Bg2 Nf2+ 40.Kg1 Nh3+ 41.Kf1 Rgxg2 42.Rf6+ Kg5 43.Rg7+
Kxf6 44.Rxg2 Rxg2 45.Kxg2 Nf4+ 46.Kf3 Nd5 47.Ke4 Ke6 48.a7 Nb6 49.b5 d5+ 50.Kd3
Kd6 51.Kd4 Na8 52.h4 h5 53.Ke3 Kc5 54.Kf4 Kxb5 55.Kg5 d4 56.Kxh5 d3 57.Kg6 d2
58.h5 d1=Q 59.h6 Qg4+ 60.Kf7 Qf5+ 61.Kg7 Qg5+

[Event "9th EUROPEAN  INDIVIDUAL  WOME"]
[Site "Plovdiv, Bulgaria"]
[Date "2008.04.23"]
[Round "3"]
[Board "1"]
[White "Kochetkova, Julia"]
[Black "Atalik, Ekaterina"]
[Result "1/2-1/2"]
[WhiteElo "2316"]
[BlackElo "2409"]
[PlyCount "83"]
[EventDate "2008.04.21"]
[EventRounds "11"]
[EventCountry "BUL"]

1.e4 e5 2.Nf3 Nc6 3.Bc4 Bc5 4.c3 Nf6 5.d3 d6 6.Bb3 Bb6 7.Nbd2 O-O 8.O-O Be6
9.Nc4 h6 10.Nxb6 axb6 11.Re1 Bxb3 12.Qxb3 Re8 13.Nh4 d5 14.Nf5 Ne7 15.Ng3 Qd7
16.Be3 Nc6 17.Rad1 dxe4 18.Nxe4 Qe6 19.Nxf6+ Qxf6 20.h3 Qe6 21.Qxe6 Rxe6 22.a3
Rd8 23.Kf1 f6 24.Bc1 Kf7 25.f4 g5 26.fxe5 Nxe5 27.d4 Nc4 28.Rxe6 Kxe6 29.g4 c5
30.Re1+ Kf7 31.b3 Na5 32.dxc5 bxc5 33.b4 Nc4 34.Be3 cxb4 35.axb4 Rd3 36.Bd4 Rxh3
37.Kg2 Rd3 38.Rh1 Kg6 39.Re1 Kf7 40.Rh1 Kg6 41.Re1 Kf7 42.Rh1

[Event "9th EUROPEAN  INDIVIDUAL  WOME"]
[Site "Plovdiv, Bulgaria"]
[Date "2008.04.23"]
[Round "3"]
[Board "1"]
[White "Lomineishvili, Maia"]
[Black "Romanko, Marina"]
[Result "1-0"]
[WhiteElo "2400"]
[BlackElo "2325"]
[PlyCount "49"]
[EventDate "2008.04.21"]
[EventRounds "11"]
[EventCountry "BUL"]

1.d4 d5 2.c4 c6 3.Nc3 Nf6 4.Nf3 e6 5.Bg5 Nbd7 6.e3 Qa5 7.cxd5 exd5 8.Bd3 Ne4
9.O-O Nxc3 10.bxc3 Qxc3 11.e4 dxe4 12.Bxe4 Bd6 13.Bd2 Qa3 14.Re1 O-O 15.Re3 Qa6
16.Bd3 Qb6 17.Re4 Qd8 18.Bg5 Nf6 19.Rh4 h6 20.Bxh6 gxh6 21.Qd2 Ng4 22.Rxg4+ Bxg4
23.Qxh6 f5 24.Bc4+ Rf7 25.Ng5